[Event "FRA-ch U12"]
[Site "Saint Paul Trois Chateaux"]
[Date "2013.04.30"]
[Round "3"]
[White "Sahki, Saphir"]
[Black "Mautin, Arthur"]
[Result "1-0"]
[WhiteElo "1685"]
[BlackElo "1458"]
[PlyCount "105"]
[EventDate "2013.04.28"]
[EventType "swiss"]
[EventRounds "9"]
[EventCountry "FRA"]
[SourceTitle "CBM 154 Extra"]
[Source "ChessBase"]
[SourceDate "2013.06.25"]
[SourceVersion "2"]
[SourceVersionDate "2013.06.25"]
[SourceQuality "1"]

1. e4 c6 2. d4 d5 3. e5 c5 4. c3 Bf5 5. Bd3 Bxd3 6. Qxd3 Nc6 7. Nf3 e6 8. 0-0 Nge7 9. Bg5 h6 10. Bxe7 Bxe7 11. Rd1 0-0 12. Qe2 Qb6 13. a3 Rac8 14. a4 Na5 15. dxc5 Bxc5 16. b4 Bxb4 17. cxb4 Qxb4 18. Nbd2 Rc2 19. Qe3 b6 20. Ne1 Rc3 21. Nd3 Qe7 22. Qd4 Rfc8 23. Rdc1 Rc2 24. Rxc2 Rxc2 25. Ne1 Rc7 26. h3 Qg5 27. Qe3 Qf5 28. f4 Qg6 29. Kh2 Qf5 30. Ra3 Rc1 31. Nb3 Nxb3 32. Rxb3 Rc4 33. a5 Re4 34. Qf2 Rxf4 35. Nf3 bxa5 36. Qxa7 a4 37. Rc3 g5 38. Rc8+ Kg7 39. Qe7 g4 40. Qf8+ Kg6 41. Nh4+ Kh5 42. Nxf5 Rxf5 43. hxg4+ Kxg4 44. Qb4+ Rf4 45. Rg8+ Kf5 46. Qc3 d4 47. Qa3 Kxe5 48. Rd8 f5 49. Qxa4 d3 50. Qb5+ Kf6 51. Qxd3 Re4 52. Rd6 Kg5 53. Rd4 1-0

[Event "Lille Luce op 3rd"]
[Site "Lille"]
[Date "2012.04.24"]
[Round "2"]
[White "Mautin, Arthur"]
[Black "Deschuyteneer, Lucien"]
[Result "1-0"]
[WhiteElo "1392"]
[BlackElo "1561"]
[PlyCount "140"]
[EventDate "2012.04.23"]
[EventType "swiss"]
[EventRounds "8"]
[EventCountry "FRA"]
[SourceTitle "CBM 148 Extra"]
[Source "ChessBase"]
[SourceDate "2012.06.22"]
[SourceVersion "1"]
[SourceVersionDate "2012.06.22"]
[SourceQuality "1"]

1. d4 d5 2. c4 e6 3. cxd5 exd5 4. Nc3 c6 5. Nf3 Nf6 6. Bg5 Be7 7. e3 0-0 8. Be2 h6 9. Bh4 Bf5 10. 0-0 Nbd7 11. a3 a5 12. Qd2 Ne4 13. Nxe4 dxe4 14. Bxe7 Qxe7 15. Ne1 Qg5 16. Kh1 Rfd8 17. Qc3 Be6 18. Nc2 c5 19. dxc5 Qxc5 20. Qxc5 Nxc5 21. b4 Nb3 22. Rad1 axb4 23. Rxd8+ Rxd8 24. axb4 Rd2 25. Bd1 Bc4 26. Re1 Rxf2 27. Na3 Be6 28. Nb5 Rb2 29. Nd6 Bd5 30. Bxb3 Rxb3 31. b5 Kf8 32. Kg1 Rb2 33. Rd1 Bb3 34. Rd4 Rb1+ 35. Kf2 Bc2 36. Rc4 Bd3 37. Rc5 Rb2+ 38. Kg3 g6 39. Re5 f6 40. Re8+ Kg7 41. Re7+ Kf8 42. Rxb7 h5 43. b6 f5 44. Rf7+ Kg8 45. b7 Ba6 46. Rc7 Bxb7 47. Rxb7 Re2 48. Nc4 Rc2 49. Ne5 Re2 50. Nc4 Rc2 51. Rb4 Kg7 52. h3 g5 53. Nd6 h4+ 54. Kh2 f4 55. exf4 gxf4 56. Rxe4 f3 57. Nf5+ Kf6 58. Nxh4 fxg2 59. Nxg2 Kf5 60. Rf4+ Ke5 61. Rf8 Ke6 62. h4 Ke7 63. Rf1 Ke8 64. Kh3 Rc3+ 65. Kg4 Rc2 66. Ne3 Rc3 67. Nf5 Rd3 68. h5 Rd7 69. h6 Rh7 70. Kh5 Kf7 1-0

[Event "FRA-chT U20 16 GP Haute 1011"]
[Site "France"]
[Date "2011.06.12"]
[Round "10"]
[White "Banat, Rayan"]
[Black "Mautin, Arthur"]
[Result "1/2-1/2"]
[WhiteElo "1638"]
[BlackElo "1560"]
[PlyCount "76"]
[EventDate "2010.06.20"]
[EventType "team-tourn"]
[EventRounds "11"]
[EventCountry "FRA"]
[SourceTitle "EXT 2015"]
[Source "ChessBase"]
[SourceDate "2014.11.20"]
[SourceVersion "1"]
[SourceVersionDate "2014.11.20"]
[SourceQuality "1"]
[WhiteTeam "Clichy (U20)"]
[BlackTeam "Cannes (U20)"]
[WhiteTeamCountry "FRA"]
[BlackTeamCountry "FRA"]

1. d4 d5 2. Nf3 Nf6 3. g3 Bf5 4. Bg2 e6 5. 0-0 Bd6 6. b3 0-0 7. Nh4 Be4 8. Nf3 Nbd7 9. Bb2 h6 10. Nbd2 Bf5 11. c4 c6 12. c5 Bc7 13. Re1 Re8 14. Nh4 Bh7 15. f4 Ne4 16. Nhf3 Ba5 17. Nxe4 Bxe1 18. Nd6 Bxg3 19. Nxe8 Bxf4 20. Nd6 Bxd6 21. cxd6 Nf6 22. Ba3 Ne4 23. Ne5 Nxd6 24. Bxd6 Qxd6 25. Qf1 f6 26. Ng4 Rf8 27. Bh3 Be4 28. Bg2 f5 29. Ne5 c5 30. e3 Bxg2 31. Qxg2 f4 32. Rf1 fxe3 33. Rxf8+ Kxf8 34. Qf3+ Kg8 35. Qf7+ Kh7 36. Qg6+ Kg8 37. Qf7+ Kh7 38. Qg6+ Kg8 1/2-1/2

[Event "FRA-chT U20 16 GP Haute 1011"]
[Site "France"]
[Date "2011.06.12"]
[Round "10"]
[White "Mautin, Arthur"]
[Black "Vigna, Liza"]
[Result "0-1"]
[WhiteElo "1560"]
[BlackElo "1603"]
[PlyCount "68"]
[EventDate "2010.06.20"]
[EventType "team-tourn"]
[EventRounds "11"]
[EventCountry "FRA"]
[SourceTitle "EXT 2015"]
[Source "ChessBase"]
[SourceDate "2014.11.20"]
[SourceVersion "1"]
[SourceVersionDate "2014.11.20"]
[SourceQuality "1"]
[WhiteTeam "Cannes (U20)"]
[BlackTeam "Clichy (U20)"]
[WhiteTeamCountry "FRA"]
[BlackTeamCountry "FRA"]

1. d4 d5 2. c4 e6 3. cxd5 exd5 4. Nc3 Nf6 5. Bg5 Bb4 6. Nf3 Nc6 7. e3 a6 8. Qc2 Be7 9. a3 b5 10. b4 Bd7 11. Bd3 h6 12. Bh4 a5 13. Bxf6 Bxf6 14. Nxd5 axb4 15. Nxf6+ Qxf6 16. Bxb5 bxa3 17. 0-0 0-0 18. Ne5 Nxe5 19. dxe5 Qe6 20. Bxd7 Qxd7 21. Qc3 a2 22. Rfc1 Rfb8 23. Qc4 Qe6 24. Qxe6 fxe6 25. f4 Rb2 26. Kf1 Ra3 27. Re1 c5 28. h3 c4 29. Kg1 c3 30. Kh2 c2 31. Kg3 Rb1 32. Rxa2 Rxa2 33. Re2 c1Q 34. Rxa2 Qxe3+ 0-1